[Event "21st Dubai Open 2019"]
[Site "Dubai UAE"]
[Date "2019.04.04"]
[Round "4.15"]
[White "Tabatabaei, M.amin"]
[Black "Nitish, Belurkar"]
[Result "1-0"]
[WhiteTitle "GM"]
[BlackTitle "FM"]
[WhiteElo "2600"]
[BlackElo "2327"]
[WhiteFideId "12521213"]
[BlackFideId "5084768"]
[EventDate "2019.04.01"]

1. e4 e6 2. d4 d5 3. Nd2 c5 4. exd5 Qxd5 5. Ngf3 cxd4 6. Bc4 Qd8 7. O-O Nc6 8.
Nb3 a6 9. Nbxd4 Nxd4 10. Nxd4 Qc7 11. Qe2 Bd6 12. h3 Ne7 13. Bg5 O-O 14. Rad1
Ng6 15. Bb3 Bf4 16. Nf3 Bxg5 17. Nxg5 h6 18. Ne4 Bd7 19. Nd6 Ne7 20. Rd3 Rad8
21. Rfd1 Bc8 22. Qd2 Nc6 23. c4 e5 24. f4 e4 25. Nxe4 Rxd3 26. Qxd3 Qxf4 27. Bc2
g6 28. Qc3 Qe5 29. Qxe5 Nxe5 30. Nd6 b6 31. Re1 f6 32. b4 Rd8 33. c5 bxc5 34.
bxc5 Be6 35. Bxg6 Bxa2 36. Be4 Nf7 37. Nb7 Re8 38. Kf2 Kf8 39. c6 Bc4 40. Na5
Bb5 41. Bf5 Nd6 42. c7 Ra8 43. Be6 Re8 44. h4 h5 45. Bh3 Ra8 46. Be6 Re8 47. Re3
f5 48. Re1 Kg7 49. Rd1 Nc8 50. Bd7 Re2+ 51. Kg3 Bxd7 52. Rxd7+ Re7 53. Rxe7+
Nxe7 54. Nc4 Nc8 55. Kf4 Kf6 56. g3 Ne7 57. Nb6 a5 58. Ke3 a4 59. Kd4 Ke6 60.
Nxa4 Kd6 61. Nc3 Nc6+ 62. Ke3 Kxc7 63. Kf4 Ne7 64. Ke5 Kd7 65. Nd5 Nc6+ 66. Kxf5
Nd4+ 67. Kg5 Ke6 68. Nf4+ Kf7 69. Nxh5 Ne6+ 70. Kf5 Nd4+ 71. Ke4 Nc6 72. g4 Ne7
73. Nf4 Nc8 74. Ke5 Ne7 75. g5 Nc6+ 76. Ke4 Ne7 77. h5 Nc6 78. Nd5 1-0

[Event "21st Dubai Open 2019"]
[Site "Dubai UAE"]
[Date "2019.04.04"]
[Round "4.16"]
[White "Saurabh, Anand"]
[Black "Mchedlishvili, Mikheil"]
[Result "1/2-1/2"]
[BlackTitle "GM"]
[WhiteElo "2385"]
[BlackElo "2610"]
[WhiteFideId "5094496"]
[BlackFideId "13600966"]
[EventDate "2019.04.01"]

1. e4 e6 2. d4 d5 3. Nc3 Bb4 4. e5 c5 5. a3 Ba5 6. b4 cxd4 7. Nb5 Bc7 8. f4 Bd7
9. Nxc7+ Qxc7 10. Bb2 Ne7 11. Bd3 Ba4 12. Nf3 Nbc6 13. O-O Qb6 14. Kh1 Bb5 15.
Bxd4 Nxd4 16. Nxd4 Bxd3 17. Qxd3 O-O 18. f5 exf5 19. Nxf5 Nxf5 20. Qxf5 Rac8 21.
Qd3 Qe6 22. Rfe1 Rfd8 23. Rad1 Rd7 24. h3 h6 25. c3 Rc4 26. Re3 Qc6 27. Qf5 Qe6
28. Qd3 a6 29. Kh2 b5 30. Qe2 d4 31. cxd4 Rdxd4 32. Rxd4 Rxd4 33. Qf3 g6 34.
Qa8+ Kg7 35. Qf3 g5 36. Re4 Rc4 37. Qe2 Qc6 38. Re3 Qc7 39. Qd3 Rc6 40. Qf5 Re6
41. h4 gxh4 42. Qg4+ Kh7 43. Qe4+ Kg7 44. Qg4+ Kh7 45. Qe4+ 1/2-1/2

[Event "21st Dubai Open 2019"]
[Site "Dubai UAE"]
[Date "2019.04.04"]
[Round "4.17"]
[White "Aravindh, Chithambaram VR."]
[Black "Priyanka, Nutakki"]
[Result "1-0"]
[WhiteTitle "GM"]
[BlackTitle "WIM"]
[WhiteElo "2599"]
[BlackElo "2297"]
[WhiteFideId "5072786"]
[BlackFideId "25049615"]
[EventDate "2019.04.01"]

1. d4 d5 2. c4 e6 3. Nf3 Nf6 4. g3 Be7 5. Bg2 O-O 6. O-O dxc4 7. Qc2 a6 8. a4
Bd7 9. Bg5 Bc6 10. Rd1 a5 11. Qxc4 Bd5 12. Qd3 Be4 13. Qd2 h6 14. Bxf6 Bxf6 15.
Ne1 Bxb1 16. Raxb1 c6 17. e3 Na6 18. Nd3 Be7 19. Rbc1 Qb6 20. Ne5 Qd8 21. Qe2
Nb4 22. f4 Bd6 23. Nc4 Bc7 24. Bf3 Qe7 25. Nd2 Rad8 26. Ne4 f6 27. Qc4 Bb6 28.
Nc5 Bxc5 29. Qxc5 Qxc5 30. Rxc5 b6 31. Rc4 Rd6 32. Rdc1 b5 33. Rc5 Rb8 34. axb5
cxb5 35. Rc8+ Rd8 36. Rxd8+ Rxd8 37. Rc5 Nd3 38. Rxb5 Rc8 39. Be4 Rc1+ 40. Kg2
Rc2+ 41. Kf1 Rf2+ 42. Kg1 Rd2 43. Rxa5 Rd1+ 44. Kg2 Rd2+ 45. Kf1 Nxb2 46. Bg6
Kf8 47. Ra7 Rxh2 48. f5 exf5 49. d5 Rd2 50. d6 Rxd6 51. Rf7+ Ke8 52. Rb7+ Kd8
53. Rxb2 Rd5 54. Rb7 Rd7 55. Rxd7+ Kxd7 56. Bxf5+ Ke7 57. Bg6 1-0

[Event "21st Dubai Open 2019"]
[Site "Dubai UAE"]
[Date "2019.04.04"]
[Round "4.18"]
[White "Quizon, Daniel"]
[Black "Ghaem Maghami, Ehsan"]
[Result "0-1"]
[WhiteTitle "IM"]
[BlackTitle "GM"]
[WhiteElo "2268"]
[BlackElo "2536"]
[WhiteFideId "5217911"]
[BlackFideId "12500739"]
[EventDate "2019.04.01"]

1. e4 c5 2. Nc3 a6 3. Nge2 b5 4. d4 cxd4 5. Nxd4 Bb7 6. a3 e6 7. g3 Nc6 8. Bg2
Nge7 9. Nb3 Nc8 10. O-O d6 11. Qe2 Be7 12. Rd1 Qc7 13. Bf4 Bf6 14. Nc5 Nd4 15.
Qd3 Qxc5 16. e5 Bxg2 17. exf6 Bb7 18. fxg7 Rg8 19. Qxd4 Qxd4 20. Rxd4 e5 21. Re1
Ne7 22. Rd2 Rxg7 23. Be3 Nf5 24. Kf1 Rc8 25. Ke2 f6 26. f3 Rd7 27. Ne4 Ke7 28.
Bf2 Rc4 29. Kd1 h5 30. b3 Rc8 31. h3 Bxe4 32. fxe4 Ng7 33. Rd3 Ne6 34. Be3 Rcd8
35. Ke2 Rg8 36. Rg1 Rc7 37. Kd2 Rgc8 38. Rc1 Rc6 39. Rd5 Rg8 40. Rg1 Nc7 41. Rd3
Ke6 42. Bf2 d5 43. Re1 Rc8 44. Kc1 dxe4 45. Rxe4 Nd5 46. Rd2 Rc3 47. Kb2 Rf3 48.
Re1 Rc6 49. Rh1 Nc3 50. Re1 Nd5 51. Rh1 Nc3 52. Re1 a5 53. g4 Rxh3 54. g5 f5 55.
g6 Ne4 56. Rd8 Rc7 57. Re8+ Kf6 58. Bb6 Rg7 59. Bxa5 h4 60. Bd8+ Kxg6 61. Rxe5
Rd7 62. Re8 Rd2 63. Ba5 Rf2 64. Rg1+ Rg3 65. Rh1 Rgg2 66. Rg8+ Kh5 67. Rh8+ Kg6
68. Rc1 Nc5 69. Kb1 Ne4 70. Rxh4 f4 71. Bb6 Rf3 72. Rh8 Kf7 73. Rh7+ Kg6 74. Rh8
Kf7 75. Bd4 Nd2+ 76. Ka1 Re2 77. Rh5 Re4 78. Bb2 b4 79. a4 Rf1 80. a5 Kg6 81.
Rd5 Rxc1+ 82. Bxc1 Nf1 83. a6 f3 84. a7 Re8 85. Rd1 Nh2 86. Bf4 f2 87. Bg3 Ng4
88. Rf1 Ra8 89. Bxf2 Nxf2 90. Rxf2 Rxa7+ 91. Kb2 Kg5 92. Rf8 Re7 93. Kc1 Rd7 94.
Rf2 Rd8 95. Rf7 Rd6 96. Rf1 Rd8 97. Kb2 Rd7 98. Rf2 Rd8 99. Re2 0-1

[Event "21st Dubai Open 2019"]
[Site "Dubai UAE"]
[Date "2019.04.04"]
[Round "4.19"]
[White "Sanal, Vahap"]
[Black "Sidhant, Mohapatra"]
[Result "1-0"]
[WhiteTitle "GM"]
[BlackTitle "IM"]
[WhiteElo "2511"]
[BlackElo "2348"]
[WhiteFideId "6300545"]
[BlackFideId "5028698"]
[EventDate "2019.04.01"]

1. e4 e5 2. Nf3 Nf6 3. Nxe5 d6 4. Nf3 Nxe4 5. Nc3 Nxc3 6. dxc3 Be7 7. Be3 Nc6 8.
Qd2 Be6 9. O-O-O Qd7 10. Kb1 Bf6 11. Ng5 Bxg5 12. Bxg5 f6 13. Be3 a6 14. h3
O-O-O 1-0

[Event "21st Dubai Open 2019"]
[Site "Dubai UAE"]
[Date "2019.04.04"]
[Round "4.20"]
[White "Naboka, Sergey"]
[Black "Iniyan, P"]
[Result "0-1"]
[WhiteTitle "FM"]
[BlackTitle "IM"]
[WhiteElo "2327"]
[BlackElo "2487"]
[WhiteFideId "14123452"]
[BlackFideId "25002767"]
[EventDate "2019.04.01"]

1. e4 c5 2. Nf3 d6 3. d4 cxd4 4. Nxd4 a6 5. Nc3 e6 6. Be2 b5 7. O-O Bb7 8. a3
Nf6 9. f3 Nbd7 10. Be3 Be7 11. Qe1 O-O 12. Rd1 Rc8 13. Qg3 Ne5 14. f4 Rxc3 15.
bxc3 Nxe4 16. Qh3 Nc4 17. Bd3 Nxe3 18. Qxe3 Qa8 19. Rde1 d5 20. Qh3 Bxa3 21. Kh1
Bc5 22. Re3 Qa7 23. f5 exf5 24. Nxf5 Bc8 25. Bxe4 g6 26. Rg3 dxe4 27. Nh6+ Kg7
28. Nf5+ Bxf5 29. Qxf5 Qe7 30. Qd5 Rd8 31. Qc6 e3 32. Rgf3 e2 33. Rxf7+ Kg8 0-1

[Event "21st Dubai Open 2019"]
[Site "Dubai UAE"]
[Date "2019.04.04"]
[Round "4.21"]
[White "Visakh, N R"]
[Black "Ranaldi, Lucas"]
[Result "1-0"]
[WhiteTitle "IM"]
[BlackTitle "FM"]
[WhiteElo "2509"]
[BlackElo "2279"]
[WhiteFideId "25012223"]
[BlackFideId "1519484"]
[EventDate "2019.04.01"]

1. e4 c6 2. d4 d5 3. Nd2 dxe4 4. Nxe4 Bf5 5. Ng3 Bg6 6. h4 h6 7. Nf3 Nd7 8. h5
Bh7 9. Bd3 Bxd3 10. Qxd3 e6 11. Bd2 Ngf6 12. O-O-O Be7 13. Ne4 Nxe4 14. Qxe4 Nf6
15. Qd3 O-O 16. Kb1 Qd5 17. Ne5 c5 18. Be3 Rac8 19. c4 Qe4 20. Qxe4 Nxe4 21.
dxc5 Bxc5 22. Bxc5 Nxc5 23. Rd4 Rfd8 24. Rhd1 Rxd4 25. Rxd4 a5 26. f3 Kf8 27. b3
Ke7 28. Kc2 Rc7 29. Kc3 Na6 30. a3 Nb8 31. b4 axb4+ 32. axb4 Nc6 33. Nxc6+ Rxc6
34. c5 b5 35. Rd1 Ra6 36. Kb3 Ke8 37. g3 Ke7 38. g4 Ke8 39. f4 Ke7 40. g5 Ke8
41. Rg1 Kf8 42. g6 f6 43. Rc1 Ke7 44. c6 Ra8 45. Rc5 Kd6 46. c7 Rc8 47. Rxb5
Rxc7 48. Rb8 e5 49. fxe5+ fxe5 50. Re8 Kd5 51. b5 e4 52. Kb4 Kd4 53. b6 Rc1 54.
Kb5 Rb1+ 55. Kc6 Rc1+ 56. Kd7 Rb1 57. Kc7 Rc1+ 58. Kb8 e3 59. b7 Rb1 60. Kc7
Rc1+ 61. Kd7 1-0

[Event "21st Dubai Open 2019"]
[Site "Dubai UAE"]
[Date "2019.04.04"]
[Round "4.22"]
[White "Sindarov, Javokhir"]
[Black "Kunal, M."]
[Result "1-0"]
[WhiteTitle "GM"]
[WhiteElo "2505"]
[BlackElo "2258"]
[WhiteFideId "14205483"]
[BlackFideId "5018250"]
[EventDate "2019.04.01"]

1. e4 c6 2. d4 d5 3. f3 dxe4 4. fxe4 e5 5. Nf3 Bg4 6. c3 Nd7 7. Bd3 Bd6 8. O-O
Ngf6 9. h3 Bh5 10. Bg5 h6 11. Bh4 g5 12. Bg3 g4 13. hxg4 Nxg4 14. Qe1 Qc7 15.
Nbd2 Nb6 16. a4 a5 17. c4 c5 18. d5 Nd7 19. Nh4 O-O-O 20. Nb1 Be7 21. Nc3 Bg5
22. Nb5 Qb6 23. Nf5 Bg6 24. Ra3 Bxf5 25. Rxf5 Rdg8 26. Be2 h5 27. Bxg4 hxg4 28.
Rb3 f6 29. Kf2 Bf4 30. Qd1 Bxg3+ 31. Rxg3 Rh4 32. d6 Kb8 33. Qd5 Rgh8 34. Rb3
Kc8 35. Kg3 Rh1 36. Kxg4 Ra1 37. Rh5 Rf8 38. Rh7 f5+ 39. Kg3 Rxa4 40. Qe6 Rd8
41. Rxd7 Rxd7 42. Qe8+ Rd8 43. d7+ Kb8 44. Qxe5+ Ka8 45. Nc7+ 1-0

[Event "21st Dubai Open 2019"]
[Site "Dubai UAE"]
[Date "2019.04.04"]
[Round "4.23"]
[White "Nguyen, Anh Khoi"]
[Black "Poormosavi, Seyed Kian"]
[Result "1-0"]
[WhiteTitle "IM"]
[WhiteElo "2484"]
[BlackElo "2261"]
[WhiteFideId "12404675"]
[BlackFideId "12585807"]
[EventDate "2019.04.01"]

1. d4 Nf6 2. c4 g6 3. Nc3 d5 4. Bg5 Ne4 5. Bh4 Nxc3 6. bxc3 Bg7 7. e3 c5 8. cxd5
Qxd5 9. Nf3 Nc6 10. Be2 cxd4 11. cxd4 Qa5+ 12. Qd2 Qxd2+ 13. Nxd2 e5 14. d5 Nb4
15. Bb5+ Bd7 16. Bxd7+ Kxd7 17. Rb1 Nd3+ 18. Ke2 Nc5 19. a4 Rhc8 20. a5 Rc7 21.
Rb4 Na6 22. Rb5 Nc5 23. Rc1 Rac8 24. d6 Kxd6 25. Rcxc5 Rxc5 26. Ne4+ Kd5 27.
Nxc5 Rxc5 28. Rxb7 e4 29. Rxf7 Be5 30. Rxa7 Rc2+ 31. Kd1 Ra2 32. Rd7+ Kc4 33. f4
Bc3 34. Bd8 h5 35. g3 Bxa5 36. Bxa5 Rxa5 37. Ke2 Kc3 38. Rc7+ Kb3 39. Re7 Ra2+
40. Kf1 Kc3 41. Rxe4 Kd3 42. Re6 Rxh2 43. Kg1 Ra2 44. Rxg6 Kxe3 45. f5 Ra7 46.
Rg5 Kf3 47. f6 Rf7 48. Kh2 Rxf6 49. Kh3 Rh6 50. Ra5 Ke3 51. Ra4 Rg6 52. Rf4 Rh6
53. Kh4 Rg6 54. Rf5 Rg4+ 55. Kh3 Rg8 56. Rxh5 Rf8 57. g4 Kf4 58. Kh4 Rf7 59. Rh6
Rf8 60. Kh5 Rg8 61. Rf6+ Ke5 62. g5 Rh8+ 63. Kg6 Rg8+ 64. Kh6 Rh8+ 65. Kg7 Ra8
66. g6 Ra1 67. Rf2 Ke6 68. Kg8 Ra8+ 69. Kh7 Ra1 70. g7 Rh1+ 71. Kg8 Ke7 72. Re2+
Kd7 73. Re4 Kd6 74. Kf7 Rf1+ 75. Kg6 Rg1+ 76. Kf6 Rg2 77. Rd4+ Kc7 78. Rd5 1-0

[Event "21st Dubai Open 2019"]
[Site "Dubai UAE"]
[Date "2019.04.04"]
[Round "4.25"]
[White "Ravi, Thandalam Shanmugam"]
[Black "Aditya, Mittal"]
[Result "0-1"]
[WhiteTitle "IM"]
[BlackTitle "CM"]
[WhiteElo "2276"]
[BlackElo "2454"]
[WhiteFideId "5000238"]
[BlackFideId "35042025"]
[EventDate "2019.04.01"]

1. e4 c5 2. c3 d5 3. exd5 Qxd5 4. d4 Nf6 5. Nf3 e6 6. Be2 Be7 7. O-O O-O 8. c4
Qd8 9. Nc3 cxd4 10. Nxd4 a6 11. Bf3 Qc7 12. Qe2 Rd8 13. Be3 e5 14. Nb3 Be6 15.
Nd2 Nc6 16. Rac1 Rac8 17. Rfd1 Nd4 18. Bxd4 exd4 19. Nce4 d3 20. Qe3 b5 21. b3
Qe5 22. Nxf6+ Bxf6 23. Qxe5 Bxe5 24. Bb7 Rc7 25. Bxa6 b4 26. c5 Bb2 27. Rb1 Bc3
28. Bc4 Bf5 29. a3 bxa3 30. b4 Ra7 31. b5 a2 32. Ra1 Bxa1 33. Rxa1 Be6 34. b6
Re7 35. c6 Bxc4 36. Nxc4 Rde8 37. Ne3 Re6 38. Rxa2 Rxc6 39. b7 Rb6 40. Ra8 Rb1+
41. Nf1 Kf8 42. f3 Rxb7 0-1

[Event "21st Dubai Open 2019"]
[Site "Dubai UAE"]
[Date "2019.04.04"]
[Round "4.26"]
[White "Mullick, Raahil"]
[Black "Darini, Pouria"]
[Result "1/2-1/2"]
[WhiteTitle "CM"]
[BlackTitle "GM"]
[WhiteElo "2275"]
[BlackElo "2474"]
[WhiteFideId "35080350"]
[BlackFideId "12502200"]
[EventDate "2019.04.01"]

1. e4 c5 2. Nf3 d6 3. d4 cxd4 4. Nxd4 Nf6 5. Nc3 a6 6. Be3 e5 7. Nb3 Be6 8. f3
h5 9. Nd5 Bxd5 10. exd5 Nbd7 11. Qd2 g6 12. Be2 Bg7 13. O-O O-O 14. Na5 Qc7 15.
c4 e4 16. f4 Ng4 17. Bxg4 hxg4 18. Rab1 Nc5 19. b4 Nd3 20. f5 gxf5 21. Rxf5 Rae8
22. c5 Re5 23. Rxe5 Bxe5 24. Bh6 Qe7 25. Bxf8 Bd4+ 26. Kh1 Qf6 27. Nb3 Nf2+ 28.
Kg1 Nh3+ 29. Kh1 Nf2+ 30. Kg1 Nh3+ 31. Kh1 Nf2+ 1/2-1/2

[Event "21st Dubai Open 2019"]
[Site "Dubai UAE"]
[Date "2019.04.04"]
[Round "4.27"]
[White "Divya, Deshmukh"]
[Black "Abelgas, Roel"]
[Result "1/2-1/2"]
[WhiteTitle "WIM"]
[BlackTitle "FM"]
[WhiteElo "2266"]
[BlackElo "2256"]
[WhiteFideId "35006916"]
[BlackFideId "5200970"]
[EventDate "2019.04.01"]

1. e4 c6 2. d4 d5 3. exd5 cxd5 4. Bd3 Nc6 5. c3 Nf6 6. h3 e5 7. dxe5 Nxe5 8. Nf3
Nxd3+ 9. Qxd3 Be7 10. O-O O-O 11. Bf4 Qb6 12. Qc2 Ne4 13. Nbd2 Qg6 14. Nxe4 dxe4
15. Ne5 Qe6 16. Rfe1 f5 17. Nf3 Bf6 18. Nd2 Qc6 19. Rad1 Be6 20. c4 Rfd8 21. b3
Rd3 22. Nf1 Rad8 23. Rxd3 Rxd3 24. Rd1 Rxd1 25. Qxd1 b5 26. cxb5 Qxb5 27. Ng3
Qd7 28. Qc1 Qc8 29. Qa3 a6 30. Qd6 Kf7 31. Nh5 Qd7 32. Qxd7+ 1/2-1/2

[Event "21st Dubai Open 2019"]
[Site "Dubai UAE"]
[Date "2019.04.04"]
[Round "4.28"]
[White "Laxman, R.R."]
[Black "Raahul, V S"]
[Result "1-0"]
[WhiteTitle "GM"]
[WhiteElo "2425"]
[BlackElo "2252"]
[WhiteFideId "5005361"]
[BlackFideId "25035525"]
[EventDate "2019.04.01"]

1. d4 d5 2. Nf3 Nf6 3. c4 c6 4. e3 e6 5. b3 Bd6 6. Bd3 O-O 7. Bb2 Nbd7 8. O-O b6
9. Nc3 Bb7 10. Rc1 Rc8 11. Qe2 Qe7 12. e4 e5 13. exd5 cxd5 14. dxe5 Nxe5 15.
Nxd5 Nxd5 16. cxd5 Rxc1 17. Rxc1 Nxf3+ 18. Qxf3 Qg5 19. Rd1 Rd8 20. g3 Be5 21.
h4 Qf6 22. Qxf6 gxf6 23. Bxe5 fxe5 24. Be4 Bc8 25. Rc1 Bb7 26. g4 Rd7 27. Rd1 h5
28. g5 f6 29. f3 Kg7 30. Kf2 fxg5 31. hxg5 h4 32. Kg2 Rd8 33. Kh3 Bc8+ 34. Kxh4
Rh8+ 35. Kg3 Rh5 36. Rc1 1-0

[Event "21st Dubai Open 2019"]
[Site "Dubai UAE"]
[Date "2019.04.04"]
[Round "4.29"]
[White "Mendonca, Leon Luke"]
[Black "Chekh Adm Khedr, Aram"]
[Result "1-0"]
[WhiteTitle "CM"]
[WhiteElo "2446"]
[BlackElo "2155"]
[WhiteFideId "35028561"]
[BlackFideId "7601948"]
[EventDate "2019.04.01"]

1. d4 Nf6 2. c4 e6 3. g3 d5 4. Nf3 c6 5. Bg2 dxc4 6. Nc3 b5 7. Ne5 Nd5 8. e4
Nxc3 9. bxc3 Bb7 10. Qh5 g6 11. Nxg6 fxg6 12. Qe5 Nd7 13. Qxh8 Qe7 14. h4 O-O-O
15. Bg5 Qf7 16. Bxd8 Bg7 17. Qxh7 Nf8 18. Qxg7 Qxg7 19. Bg5 c5 20. Be3 cxd4 21.
Bxd4 e5 22. Bxa7 Bxe4 23. Bxe4 Qxa7 24. O-O Qa3 25. Rfc1 Kd7 26. Rc2 Ke6 27. Rb1
Qa6 28. Rcb2 Qa3 29. Rxb5 Nd7 30. Bxg6 Qxc3 31. h5 Qd2 32. R5b2 Qg5 33. Rc2 Nf8
34. Rxc4 Nxg6 35. hxg6 Kd5 36. Ra4 1-0

[Event "21st Dubai Open 2019"]
[Site "Dubai UAE"]
[Date "2019.04.04"]
[Round "4.30"]
[White "Akash, G"]
[Black "Franco Valencia, Angela"]
[Result "1-0"]
[WhiteTitle "IM"]
[BlackTitle "WIM"]
[WhiteElo "2411"]
[BlackElo "2141"]
[WhiteFideId "5040299"]
[BlackFideId "4403070"]
[EventDate "2019.04.01"]

1. e4 e5 2. Nf3 Nc6 3. Bb5 a6 4. Bxc6 dxc6 5. Nc3 f6 6. d3 Bg4 7. h3 Bh5 8. Be3
Bd6 9. Qe2 Ne7 10. Rg1 c5 11. Nb1 Nc6 12. c3 Qe7 13. Na3 b5 14. Nc2 Qe6 15. Bd2
c4 16. d4 exd4 17. Ncxd4 Nxd4 18. Nxd4 Bxe2 19. Nxe6 Bd3 20. Nxg7+ Kf7 21. Nf5
Bxe4 22. Nxd6+ cxd6 23. Be3 a5 24. Kd2 b4 25. Bd4 d5 26. Rae1 bxc3+ 27. Kxc3
Rhe8 28. Re3 f5 29. f3 Bd3 30. Re5 a4 31. Rge1 Rxe5 32. Rxe5 a3 33. b4 Bb1 34.
b5 Bxa2 35. Re1 Bb3 36. b6 Ba4 37. Kb4 Bc6 38. Kc5 Rc8 39. Kd6 a2 40. Ra1 Bb5
41. b7 1-0

[Event "21st Dubai Open 2019"]
[Site "Dubai UAE"]
[Date "2019.04.04"]
[Round "4.31"]
[White "Pranav, V"]
[Black "Sundararajan, Kidambi"]
[Result "1-0"]
[BlackTitle "GM"]
[WhiteElo "2258"]
[BlackElo "2413"]
[WhiteFideId "25060783"]
[BlackFideId "5005370"]
[EventDate "2019.04.01"]

1. e4 e5 2. Nf3 Nc6 3. Bb5 Nf6 4. Nc3 d6 5. d4 Bd7 6. d5 Nb8 7. Bxd7+ Nbxd7 8.
h3 c6 9. O-O Be7 10. Re1 O-O 11. Be3 Rc8 12. a4 a5 13. Qd3 cxd5 14. exd5 Nc5 15.
Qe2 Nfd7 16. Nd2 f5 17. f3 Rf6 18. g4 Rg6 19. Kh2 fxg4 20. fxg4 Bg5 21. Rf1 Bxe3
22. Qxe3 Nf6 23. Rf5 Ncd7 24. Qf3 Qb6 25. Nb3 Nc5 26. Ra3 Qb4 27. Nxc5 Qxc5 28.
Rb3 e4 29. Nxe4 Qxc2+ 30. Nf2 Qc7 31. Rc3 Qd8 32. g5 Nd7 33. h4 Rxc3 34. bxc3 h6
35. Nh3 hxg5 36. hxg5 Ne5 37. Qe4 Qe8 38. Kg2 Qd8 39. Rxe5 dxe5 40. Qxg6 Qxd5+
41. Kg3 Qc5 42. Qd3 e4 43. Qd4 Qc7+ 44. Nf4 Qe7 45. Qd5+ Kh7 46. g6+ Kh8 47.
Qh5+ 1-0

[Event "21st Dubai Open 2019"]
[Site "Dubai UAE"]
[Date "2019.04.04"]
[Round "4.32"]
[White "Panda, Sambit"]
[Black "Dimakiling, Oliver"]
[Result "1/2-1/2"]
[BlackTitle "IM"]
[WhiteElo "2218"]
[BlackElo "2423"]
[WhiteFideId "25091794"]
[BlackFideId "5202248"]
[EventDate "2019.04.01"]

1. d4 Nf6 2. c4 d6 3. Nc3 Bf5 4. g3 c6 5. Bg2 e5 6. d5 cxd5 7. cxd5 Be7 8. e4
Bg6 9. Nf3 Nfd7 10. O-O O-O 11. Be3 a5 12. Ne1 Na6 13. Nd3 f5 14. f4 Nb4 15.
fxe5 Nxd3 16. exd6 fxe4 17. dxe7 Qxe7 18. Qb3 Qb4 19. d6+ Kh8 20. Qxb4 axb4 21.
Rxf8+ Nxf8 22. Nxe4 b3 23. Nc5 bxa2 24. Nxd3 Bxd3 25. Bxb7 Ra5 26. Bb6 Ra4 27.
b3 Ra3 28. Bc5 Rxb3 29. Rxa2 Rb1+ 30. Kg2 Rxb7 31. Ra8 Be4+ 32. Kh3 Rf7 33. d7
Bf5+ 34. g4 Bxd7 35. Rxf8+ Rxf8 36. Bxf8 h5 37. Kh4 Bxg4 38. Kg5 Kh7 39. h4 1/2-1/2

[Event "21st Dubai Open 2019"]
[Site "Dubai UAE"]
[Date "2019.04.04"]
[Round "4.33"]
[White "Gandhi, Anish"]
[Black "Raja, Rithvik R"]
[Result "1/2-1/2"]
[BlackTitle "IM"]
[WhiteElo "2156"]
[BlackElo "2423"]
[WhiteFideId "5061032"]
[BlackFideId "35007394"]
[EventDate "2019.04.01"]

1. e4 c5 2. Nf3 d6 3. d4 cxd4 4. Nxd4 Nf6 5. Nc3 a6 6. Nb3 e6 7. g4 Be7 8. g5
Nfd7 9. Rg1 b5 10. a3 Bb7 11. h4 Nc6 12. Be3 Nc5 13. h5 g6 14. Be2 Qc7 15. Bg4
Ne5 16. Qd4 Rg8 17. Be2 O-O-O 18. O-O-O Nxb3+ 19. cxb3 d5 20. exd5 Rxd5 21. Qf4
Bd6 22. Qh4 Rxd1+ 23. Rxd1 Rd8 24. Kb1 Kb8 25. Rc1 Qd7 26. Ne4 Bxe4+ 27. Qxe4
Qb7 28. Qd4 Bc7 29. Qb4 Bd6 30. Qa5 Rc8 31. Rd1 Bc7 32. Qb4 Nc6 33. Qc5 Rd8 34.
Rc1 Ne5 35. Ka2 Bd6 36. Qd4 Nc6 37. Qg7 Be5 38. Qh6 Nd4 39. Bxd4 Bxd4 40. hxg6
hxg6 41. Qh4 e5 42. Qg4 Qd7 43. Qf3 Qd5 44. Qf6 Rd6 45. Qh8+ Rd8 46. Qf6 Rd6 47.
Qh8+ Rd8 48. Qf6 Rd6 1/2-1/2

[Event "21st Dubai Open 2019"]
[Site "Dubai UAE"]
[Date "2019.04.04"]
[Round "4.34"]
[White "Tissir, Mohamed"]
[Black "Mohammed, Dilshad"]
[Result "1-0"]
[WhiteTitle "IM"]
[WhiteElo "2386"]
[BlackElo "2006"]
[WhiteFideId "9000240"]
[BlackFideId "5050421"]
[EventDate "2019.04.01"]

1. Nf3 Nf6 2. g3 d5 3. Bg2 e6 4. O-O Be7 5. d3 b5 6. Nbd2 Bb7 7. e4 dxe4 8. dxe4
O-O 9. Qe2 c5 10. e5 Nd5 11. Re1 c4 12. Ne4 h6 13. Nd4 Qb6 14. c3 Nd7 15. Qh5
Rfc8 16. Bh3 Nc5 17. Bxh6 gxh6 18. Qxh6 Qd8 19. Nxc5 Rxc5 20. Nxe6 Bf8 21. Nxd8
Bxh6 22. Nxb7 Rc7 23. Nd6 b4 24. Bg2 Rc5 25. Rad1 bxc3 26. bxc3 Nxc3 27. Bxa8
Nxd1 28. Rxd1 c3 29. f4 Rxe5 30. fxe5 c2 31. Rf1 c1=R 32. Rxc1 Bxc1 33. Bd5 1-0

[Event "21st Dubai Open 2019"]
[Site "Dubai UAE"]
[Date "2019.04.04"]
[Round "4.35"]
[White "Hedman, Erik"]
[Black "Ahmad, Al Romaithi"]
[Result "1-0"]
[WhiteTitle "FM"]
[WhiteElo "2385"]
[BlackElo "1763"]
[WhiteFideId "1702351"]
[BlackFideId "9310622"]
[EventDate "2019.04.01"]

1. d4 Nf6 2. c4 g6 3. Nc3 Bg7 4. e4 d6 5. Nf3 O-O 6. Be2 e5 7. O-O Nc6 8. d5 Ne7
9. b4 a5 10. Ba3 axb4 11. Bxb4 b6 12. a4 Nh5 13. a5 bxa5 14. Rxa5 Rb8 15. Rb5
Bd7 16. Rxb8 Qxb8 17. Qb1 Nf4 18. c5 Bg4 19. Bd1 dxc5 20. Bxc5 Qxb1 21. Nxb1 Rb8
22. Nxe5 Bxd1 23. Rxd1 Nexd5 24. Nc6 Rb2 25. exd5 Rc2 26. Be3 Nh5 27. Na3 Ra2
28. Nb5 Nf6 29. Nxc7 Rc2 30. f3 1-0

[Event "21st Dubai Open 2019"]
[Site "Dubai UAE"]
[Date "2019.04.04"]
[Round "4.36"]
[White "Zarkovic, Mila"]
[Black "Shyaamnikhil, P"]
[Result "0-1"]
[WhiteTitle "WIM"]
[BlackTitle "IM"]
[WhiteElo "2187"]
[BlackElo "2429"]
[WhiteFideId "900451"]
[BlackFideId "5024218"]
[EventDate "2019.04.01"]

1. e4 c5 2. Nf3 d6 3. d4 cxd4 4. Nxd4 Nf6 5. Nc3 a6 6. h3 e5 7. Nf3 Qc7 8. Bg5
Nbd7 9. Qe2 h6 10. Bxf6 Nxf6 11. Qc4 Qa5 12. b4 Qd8 13. Nd5 Nxd5 14. Qxd5 Qb6
15. Qb3 Qc6 16. Nd2 b5 17. a4 Bd7 18. axb5 axb5 19. Ra5 Rxa5 20. bxa5 Be7 21.
Bd3 O-O 22. O-O Ra8 23. Ra1 Bd8 24. c4 Rxa5 25. Rxa5 Bxa5 26. cxb5 Qc1+ 27. Nf1
Be6 28. Qa4 Bb6 29. Qa8+ Kh7 30. Qc6 Bc5 31. Qa6 Qe1 32. Kh2 Qxf2 33. Qa5 Qg1+
34. Kg3 Bf2+ 35. Kf3 g5 36. Qc7 g4+ 37. Ke2 Qxg2 0-1

[Event "21st Dubai Open 2019"]
[Site "Dubai UAE"]
[Date "2019.04.04"]
[Round "4.37"]
[White "Saif, Malek"]
[Black "Haug, Johannes"]
[Result "0-1"]
[WhiteTitle "CM"]
[BlackTitle "IM"]
[WhiteElo "2019"]
[BlackElo "2406"]
[WhiteFideId "8104220"]
[BlackFideId "1509268"]
[EventDate "2019.04.01"]

1. e4 e5 2. Nf3 Nc6 3. d4 exd4 4. Bc4 Nf6 5. e5 d5 6. Bb5 Ne4 7. Nxd4 Bd7 8.
Bxc6 bxc6 9. O-O Bc5 10. f3 Ng5 11. f4 Ne4 12. c3 Bb6 13. Be3 c5 14. Nb3 Bc6 15.
N1d2 d4 16. cxd4 cxd4 17. Qc2 Qd5 18. Nxe4 dxe3 19. Nbc5 e2 20. Rf2 Bb5 21. b4
Qd4 22. Rb1 O-O-O 23. Nc3 Qxc3 24. Qxc3 Rd1+ 25. Qe1 Rhd8 26. Rxe2 Bxe2 27. Kf2
Rxe1 28. Rxe1 Bxc5+ 29. bxc5 Bg4 30. Kg3 Be6 31. Re3 Rd2 32. f5 Bxf5 33. a3 Rd3
34. Rxd3 Bxd3 35. Kf4 Kd7 36. Ke3 Bb5 37. Kd4 Ke6 38. g4 g5 0-1